00554nam a2200157Ia 4500008004000000020001800040082001600058100002100074245006500095260004200160300001200202690002000214906001100234999001700245952013400262210210b1975 xxu||||| |||| 00| 0 eng d a0 275 85130 7 a300.72 ZITM aZITO (George V). aMethodology and meanings. varieties of sociological inquiry. aNew York.bPraeger Publishers.,c1975 axii,175 aSocial Research a040880 c90803d90803 001040708Social ScienceaALbALcSocial Scienced2021-02-17g0.00l0o300.72 ZITMp040880r2021-02-17 00:00:00w2021-02-17yBK